BIBLIOTECA

SENCICO

Madera arquitectura hoy / (Registro nro. 3715)

Detalles MARC
000 -LEADER
fixed length control field 00767nam a22002537a 4500
003 - CONTROL NUMBER IDENTIFIER
control field PE SENCICO BE
005 - DATE AND TIME OF LATEST TRANSACTION
control field 20251020182623.0
008 - FIXED-LENGTH DATA ELEMENTS--GENERAL INFORMATION
fixed length control field 221221b |||||||| |||| 00| 0 eng d
020 ## - INTERNATIONAL STANDARD BOOK NUMBER
International Standard Book Number 978-84-9936-145-1
040 ## - CATALOGING SOURCE
Original cataloging agency PE SENCICO BE
Transcribing agency PE SENCICO BE
041 ## - LANGUAGE CODE
Language code of text/sound track or separate title spa
082 ## - DEWEY DECIMAL CLASSIFICATION NUMBER
Classification number 747
Item number A57
100 1# - MAIN ENTRY--PERSONAL NAME
9 (RLIN) 329
Personal name Andreu, David
245 1# - TITLE STATEMENT
Title Madera arquitectura hoy /
Statement of responsibility, etc. David Andreu
250 ## - EDITION STATEMENT
Edition statement [1a ed.]
260 ## - PUBLICATION, DISTRIBUTION, ETC.
Place of publication, distribution, etc. Barcelona:
Name of publisher, distributor, etc. Booq Publishing,
Date of publication, distribution, etc. 2018
300 ## - PHYSICAL DESCRIPTION
Extent 335 p. :
Other physical details il. col., lams. ;
Dimensions 26 cm.
650 14 - SUBJECT ADDED ENTRY--TOPICAL TERM
9 (RLIN) 327
Topical term or geographic name entry element Construcciones de madera
650 24 - SUBJECT ADDED ENTRY--TOPICAL TERM
9 (RLIN) 328
Topical term or geographic name entry element Viviendas de estructuras de madera
650 24 - SUBJECT ADDED ENTRY--TOPICAL TERM
9 (RLIN) 8
Topical term or geographic name entry element Arquitectura de interiores
910 ## - USER-OPTION DATA (OCLC)
-- hfp
-- hfp
942 ## - ADDED ENTRY ELEMENTS (KOHA)
Source of classification or shelving scheme Dewey Decimal Classification
Koha item type Libros
Classification part 747
Item part A57
Existencias
Fecha de la última vez que lo usaron Número de ingreso o de inventario Pago total Signatura topográfica completa Precio efectivo desde Tipo de documento Estado perdido Sistema de clasificación Estado dañado No es para préstamo Retirado Ubicación permanente Ubicación actual Fecha de adquisición
21/12/2022 16521   747/A57 21/12/2022 Libros   Dewey Decimal Classification       Biblioteca Central Lima Biblioteca Central Lima 21/12/2022